000 00432nam a22001577a 4500
003 OSt
005 20251103090124.0
008 251103b |||||||| |||| 00| 0 eng d
022 _a0040-5639
100 _aJonathan Cahill
245 _aMIGLIORE, DANIEL L.:
_bReading the Gospels with Karl Barth
260 _aUSA,
_bSages Publications;
_c2018
300 _aP.225
440 _aTheological Studies
_nNo.1
_vVol.79
942 _2lcc
_cART
999 _c205030
_d204990